| 000 | 00414nam a22001217a 4500 | ||
|---|---|---|---|
| 999 |
_c7668 _d7668 |
||
| 008 | 171106b xxu||||| |||| 00| 0 eng d | ||
| 082 |
_2Sept 2010-Jul 2011 v.22-23 _aDPer 004.1605 _bP43 |
||
| 245 | _aPC world Philippines. | ||
| 260 |
_aMakati City : _bWS Computer Pub., _c2010-2011. |
||
| 300 |
_a1(various paging): _bcolor illustrations; _c26 cm. |
||
| 650 | 0 |
_923110 _aMicrocomputers -- Periodicals. |
|
| 942 |
_2ddc _cPER |
||